Normal view
MARC view
Entry Personal Name
001 - CONTROL NUMBER
- control field: 1118051
003 - CONTROL NUMBER IDENTIFIER
- control field: OSt
005 - DATE AND TIME OF LATEST TRANSACTION
- control field: 20260302114209.0
008 - FIXED-LENGTH DATA ELEMENTS
- fixed length control field: 260302|| aca||aabn | a|a d
040 ## - CATALOGING SOURCE
- Original cataloging agency: OSt
- Transcribing agency: OSt
100 ## - HEADING--PERSONAL NAME
- Personal name: Joff P. N. Bradley
670 ## - SOURCE DATA FOUND
- Source citation: Work cat.: (OSt)1681690: Joff P. N. Bradley, Schizoanalysis and Asia Deleuze, Guattari and Postmedia
